000 03914nam a22006015i 4500
001 978-3-319-45474-0
003 DE-He213
005 20210118152820.0
007 cr nn 008mamaa
008 160827s2017 gw | s |||| 0|eng d
020 _a9783319454740
_9978-3-319-45474-0
024 7 _a10.1007/978-3-319-45474-0
_2doi
050 4 _aTJ212-225
072 7 _aTJFM
_2bicssc
072 7 _aTEC004000
_2bisacsh
072 7 _aTJFM
_2thema
082 0 4 _a629.8
_223
245 1 0 _aTheory and Applications of Non-integer Order Systems
_h[electronic resource] :
_b8th Conference on Non-integer Order Calculus and Its Applications, Zakopane, Poland /
_cedited by Artur Babiarz, Adam Czornik, Jerzy Klamka, Michał Niezabitowski.
250 _a1st ed. 2017.
264 1 _aCham :
_bSpringer International Publishing :
_bImprint: Springer,
_c2017.
300 _aXII, 512 p. 141 illus., 99 illus. in color.
_bonline resource.
336 _atext
_btxt
_2rdacontent
337 _acomputer
_bc
_2rdamedia
338 _aonline resource
_bcr
_2rdacarrier
347 _atext file
_bPDF
_2rda
490 1 _aLecture Notes in Electrical Engineering,
_x1876-1100 ;
_v407
505 0 _aPart I: Mathematical Foundations -- Part II: Modeling and Control -- Part III: Controllability and Stability -- Part IV: Applications.
520 _aThis book collects papers from the 8th Conference on Non-Integer Order Calculus and Its Applications that have been held on September 20-21, 2016 in Zakopane, Poland. The preceding two conferences were held in Szczecin, Poland in 2015, and in Opole, Poland, in 2014. This conference provides a platform for academic exchange on the theory and application of fractional calculus between domestic and international universities, research institutes, corporate experts and scholars. The Proceedings of the 8th Conference on Non-Integer Order Calculus and Its Applications 2016 brings together rigorously reviewed contributions from leading international experts. The included papers cover novel various important aspects of mathematical foundations of fractional calculus, modeling and control of fractional systems as well as controllability, detectability, observability and stability problems for this systems.
650 0 _aControl engineering.
650 0 _aComputational complexity.
650 1 4 _aControl and Systems Theory.
_0http://scigraph.springernature.com/things/product-market-codes/T19010
650 2 4 _aComplexity.
_0http://scigraph.springernature.com/things/product-market-codes/T11022
700 1 _aBabiarz, Artur.
_eeditor.
_4edt
_4http://id.loc.gov/vocabulary/relators/edt
700 1 _aCzornik, Adam.
_eeditor.
_4edt
_4http://id.loc.gov/vocabulary/relators/edt
700 1 _aKlamka, Jerzy.
_eeditor.
_4edt
_4http://id.loc.gov/vocabulary/relators/edt
700 1 _aNiezabitowski, Michał.
_eeditor.
_4edt
_4http://id.loc.gov/vocabulary/relators/edt
710 2 _aSpringerLink (Online service)
773 0 _tSpringer eBooks
776 0 8 _iPrinted edition:
_z9783319454733
776 0 8 _iPrinted edition:
_z9783319454757
776 0 8 _iPrinted edition:
_z9783319833026
830 0 _aLecture Notes in Electrical Engineering,
_x1876-1100 ;
_v407
856 4 0 _uhttps://doi.org/10.1007/978-3-319-45474-0
912 _aZDB-2-ENG
999 _c453238
_d453238
942 _cEB
506 _aAvailable to subscribing member institutions only. Доступно лише організаціям членам підписки.
506 _fOnline access from local network of NaUOA.
506 _fOnline access with authorization at https://link.springer.com/
506 _fОнлайн-доступ з локальної мережі НаУОА.
506 _fОнлайн доступ з авторизацією на https://link.springer.com/